000 00649nam a22001937a 4500
999 _c59918
_d59918
003 Ge_BSU
005 20230510145208.0
008 230510s2009 ge ||||| |||| 00| 0 geo d
020 _a9789941907814
041 _ageo
080 _a1(479.22)(092) ფ-54
245 _aფილოსოფოსი თამარ კუკავა.
264 _aთბილისი :
_bზანი,
_c2009.
300 _a48 გვ. ;
_b20 სმ.
440 _aმეცნიერი ქალი
_918073
653 _aქართველი ფილოსოფოსები
653 _aკუკავა, თამარ.
942 _2udc
_cBK